Statistics for Budaquiz

Click here to take the quiz!

General Stats

  • This quiz has been taken 6 times
  • The average score is 14 of 15

Answer Stats

HintAnswer% Correct
Where did Jamie used to get his haircut in Leam?Fades
100%
Who is the lightest fella?George
100%
Who else has a middle name starting with V?George
100%
What fella is in the longest relationship?Jamie
100%
Who started a durag party (no phones)Jamie
100%
Who shits the most in one day? (24 hours)Lewis
100%
Who gets the most 'shape-ups'?Lewis
100%
Who grabbed a floating turd in Leam?Oscar
100%
Who is the heaviest fella?Rory
100%
Who wanks the most (three times a day minimum)Sam
100%
Who is most likely to get with one of his chargesSam
100%
Who most recently got slapped by a bouncer?Will
100%
Who is the illest? (currently)Will
100%
What is Sam's middle name?Valentine
80%
What brand of condoms does George use?Warwick Snow
40%

Score Distribution

Percentile by Number Answered

Percent of People with Each Score

Your Score History

You have not taken this quiz